| 000 | 01272cam a2200325 a 4500 | ||
|---|---|---|---|
| 001 | 15173633 | ||
| 005 | 20230417131815.0 | ||
| 008 | 080208s2008 enk 000 0 eng | ||
| 010 | _a 2008006018 | ||
| 020 | _a9780199218998 | ||
| 040 |
_aDLC _cDLC _dDLC |
||
| 043 | _ae-uk--- | ||
| 050 | 0 | 0 |
_aKD313 _b.M69 2008 |
| 082 | 0 | 0 |
_a340.03 _bPEN |
| 100 | 1 |
_aPenner, J. E. _q(James E.) _9103034 |
|
| 245 | 1 | 4 | _aThe law student's dictionary. |
| 250 | _bJ.E. Penner. | ||
| 260 |
_aOxford ; _aNew York : _bOxford University Press, _c2008. |
||
| 300 |
_a318 p. ; _c25 cm. |
||
| 500 | _aFirst ed. published in 1876 under title: A concise law dictionary. | ||
| 500 | _aRev. ed. of: Mozley & Whiteley's law dictionary. | ||
| 650 | 0 |
_aLaw _zGreat Britain _vDictionaries. _9111935 |
|
| 700 | 1 |
_aMozley, Herbert Newman, _d1838- _9111936 |
|
| 700 | 1 |
_aWhiteley, George Crispe, _d1845-1918. _9111937 |
|
| 700 | 1 |
_aPenner, J. E. _q(James E.). _tMozley & Whiteley's law dictionary. _9111938 |
|
| 700 | 1 |
_aMozley, Herbert Newman, 1838- _tConcise law dictionary. _9111939 |
|
| 906 |
_a7 _bcbc _corignew _d1 _eecip _f20 _gy-gencatlg |
||
| 942 |
_2ddc _cBK |
||
| 999 |
_c594528 _d594528 |
||